| 000 | 00869nam a2200277 i 4500 | ||
|---|---|---|---|
| 005 | 20160106051930.0 | ||
| 008 | 890215r19881958enka b 001 0 eng d | ||
| 015 | _aGB88-3623 | ||
| 020 | _a0565010212 | ||
| 040 |
_aUk _cDLC _dCO-BoIAVH |
||
| 041 | _aeng | ||
| 044 | _aenk | ||
| 082 | 0 | 4 |
_a598.842 _bS67s |
| 100 | 1 | _aSnow, David | |
| 245 | 1 | 2 |
_aA study of blackbirds / _cby D.W. Snow ; illustrated by Robert Gillmor. |
| 250 | _aSegunda edición. | ||
| 260 |
_aLondon : _bBritish Museum, Natural History , _c1988. |
||
| 300 |
_a196 páginas ; _c22 cm. |
||
| 504 | _aIncluye referencias bibliográficas e índice. | ||
| 650 | 1 | 4 |
_aAves _xIdentificación |
| 650 | 2 | 4 |
_aAves terrestres _xIdentificación |
| 650 | 2 | 4 | _aPaseriformes |
| 650 | 2 | 4 | _aMirlos |
| 710 | 2 | _aBritish Museum (Natural History) | |
| 942 |
_2ddc _cLIBRO |
||
| 999 |
_c3014 _d3014 |
||